000 00892 a2200229 4500
005 20260330150645.0
008 260330b |||||||| |||| 00| 0 eng d
020 _a8173091633 (hbk)
037 _cTB
040 _aCRL
_cCRL
041 _2hin
_ahin
084 _aQ4:33 152R0
_qCRL
245 _aबुद्धवाणी
260 _aनई दिल्ली, भारत:
_bसस्ता साहित्य मंडल प्रकाशन,
_c2020.
300 _a134पृ.
365 _b60.00
_cINR
650 _aभारत इतिहास
650 _aबुद्ध
_91232053
700 _aहरि, वियोगी
_eसम्पादक
942 _cTB
_2CC
_hQ4:33 152R0
999 _c1467151
_d1467151